Регионална библиотека "Любен Каравелов" - Русе

Българска музика (Запис номер 116459)

MARC детайли
000 -Лидер
Контролно поле с фиксирана дължина 01426nam a2200373 a 4500
001 - Контролен номер на записа
Контролно поле 116459
003 - Код на организацията, давaща контролен номер
Контролно поле BLK
005 - Дата и час на последна редакция
Контролно поле 20241024135749.0
008 - Елементи от данни с фиксирана дължина
fixed length control field 180409b bul|||||r ||||||| ||bul||
010 ## - Наследен системен номер
LC control number KNG00122005000
040 ## - Източник на каталожния запис
Идентификатор на билиотеката - собственик на записа BLK
041 ## - Код за език
Код за езика на текст/звукозапис или на отделно заглавие Български
Код за езика КДБФ Български
080 ## - УДК
Текстов определител УДК Музика
УДК код - определител по УДК 78
УДК определител (07)(497.2)
УДК - код + определител 78(07)(497.2)
100 1# - Редна дума - Автор
Автор Стършенов, Богомил Методиев
Авторска отговорност първи автор
R(LIN) 260943
139 ## - Редно поле
Редна дума Стършенов, Богомил Методиев и др.
Авторски знак Сту - С 88
245 10 - Сведения за заглавието
Заглавие Българска музика
Подзаглавни данни Христоматия с анализ
Редно поле (дума) Богомил Методиев Стършенов; съавт. Пенчо Цветанов Стоянов.
257 ## - Страна на издаване
Страна на създаване/издаване България
260 ## - Област на издателските данни
Име на издателя, разпространителя и проч. Нар. просв.
Година на издаване 1966
Място на издаване, разпространение и проч. София
300 ## - Физическа характеристика
Страници 332 с.
Илюстрации и др. с ноти
Размери/Мащаб 23 см
380 ## - Жанр
Жанр Изкуство
650 #4 - Допълнително описание по предмет – тема
Основно описание – тема или топоним Музика - България - история
9 (RLIN) 261617
653 ## - Ключова дума – ненормативна
Ключова дума българска музика
653 ## - Ключова дума – ненормативна
Ключова дума история на музиката
653 ## - Ключова дума – ненормативна
Ключова дума анализи
700 ## - Други автори (авторска отговорност)
Лично име Стоянов, Пенчо Цветанов
Дати, свързани с автора 1931 - 2020
Друга информация Бълг. композитор
9 (RLIN) 254297
852 ## - Местоположение
Форматна сигнатура Цб 40121
856 4# - Електронен адрес и достъп
Електронен формат pdf - файл
856 4# - Електронен адрес и достъп
Електронен формат pdf - файл
942 ## - АРТИКУЛИ
Вид на библиотечния материал Книги
Скрит в OPAC Не
Периодичен библиозапис Да
944 ## - СЪЗДАВАНЕ И РЕДАКЦИЯ на ЗАПИСА
Създаване/Редакция Създаване
Дата на регистрацията/редакция 16.03.2011
Статус, дата на статуса Геновева Генчева
Служител, извършил регистрацията/редакцията 30560
944 ## - СЪЗДАВАНЕ И РЕДАКЦИЯ на ЗАПИСА
Създаване/Редакция Редакция
Дата на регистрацията/редакция 14.04.2014
Статус, дата на статуса добави в АБ / 15.03.2011
999 ## - СИСТЕМНИ КОНТРОЛНИ НОМЕРА
Koha biblionumber 116459
Koha biblioitemnumber 116459
999 ## - СИСТЕМНИ КОНТРОЛНИ НОМЕРА
Koha biblioitemnumber 116459
999 ## - СИСТЕМНИ КОНТРОЛНИ НОМЕРА
Koha biblioitemnumber 116459
Наличности
Код за отписване Код за изгубен артикул Източник на класификационната схема Код за повреда Коз за рестрикции Код за отдаване Артикулен № Име на библиотеката - собственик Име на библиотеката, в която се намира в момента Статус (Текущо местоположение) Дата на вписване в системата Местоположение - отдел Цена в лева Инвентарен номер Систематично азбучна сигнатура Баркод Номер на екземпляра Цена в евро Служебна бележка Служебен тип на артикула
Изтеглен Не е изгубен Universal Decimal Classification Не е повреден без рестрикции ползва се в читалня 187595 Регионална библиотека "Любен Каравелов" Русе Регионална библиотека "Любен Каравелов" Русе Отдел Изкуство - читалня 1966-01-01 Отдел Изкуство - читалня 0.00 337/67 И 78(07)/С 88 337/67 1 0.00 N: стар фонд Дата: 01.01.1966 Дата инв: 20.06.2012 Бележки инв: * Книги
  Не е изгубен Universal Decimal Classification Не е повреден само за читалня ползва се в читалня 187596 Регионална библиотека "Любен Каравелов" Русе Регионална библиотека "Любен Каравелов" Русе Хранилище 1966-01-01 Хранилище 1.19 180/67 Цб 40121 900000098909 2 0.61 Дост: Dp Вид: Д N: сф Дата: 01.01.1966 Книги
Изтеглен Не е изгубен   Не е повреден без рестрикции заемане за дома 187597 Регионална библиотека "Любен Каравелов" Русе Регионална библиотека "Любен Каравелов" Русе Отдел Изкуство - подръчен фонд 1966-01-01 Отдел Изкуство - подръчен фонд 0.00 340/67 ИП 78(07)/С 88 340/67 3 0.00 Дост: Pk Вид: Ф N: сф Дата: 01.01.1966 Книги
Vip Innovations Ltd, Rousse, Bulgaria 2025